00581nam a22002177a 4500003000200000005001700002008000200019010001300021020002200034035004300056037001600099040001500115082001300130100001700143245003600160260004100196270004400237300003000281650003400311650001800345020190123152911.00 aA-991433 c00.00a8185989338 aA-991433, A-991435, A-991438, A-991459 bCen Lib/Ret aDPLbENc0 a658bGUP aGupta, L. C. aVegetarianism /cby L. C. Gupta aNew DelhibGalgotia Publishingc1999 a6A/4 WEA, Karol BaghbNew Delhie110005 axi,159p.:c21cm(Hb)bill. aVegetarianism--Health aspects aVegetarianism